Tribhuvan University Central Library

Techniques used by primary level English teachers in teaching vocabulary. (Record no. 61942)

MARC details
000 -LEADER
fixed length control field 00505 a2200181 4500
041 ## - LANGUAGE CODE
Language code of text/sound track or separate title English
082 ## - DEWEY DECIMAL CLASSIFICATION NUMBER
Classification number CD5665
100 ## - MAIN ENTRY--PERSONAL NAME
Personal name Rana, Lok Prasad
245 ## - TITLE STATEMENT
Title Techniques used by primary level English teachers in teaching vocabulary.
260 ## - PUBLICATION, DISTRIBUTION, ETC. (IMPRINT)
Place of publication, distribution, etc Kathmandu
Date of publication, distribution, etc 2067
502 ## - DISSERTATION NOTE
Dissertation note Dissertation
Degree type Degree in Education
Name of granting institution T.U.<br/>
Year degree granted 2067
650 ## - SUBJECT ADDED ENTRY--TOPICAL TERM
Topical term or geographic name as entry element Teaching vocabulary
650 ## - SUBJECT ADDED ENTRY--TOPICAL TERM
Topical term or geographic name as entry element Pronunciation
650 ## - SUBJECT ADDED ENTRY--TOPICAL TERM
Topical term or geographic name as entry element Spelling
650 ## - SUBJECT ADDED ENTRY--TOPICAL TERM
Topical term or geographic name as entry element Learning vocabulary
653 ## - INDEX TERM--UNCONTROLLED
Uncontrolled term English language
942 ## - ADDED ENTRY ELEMENTS (KOHA)
Source of classification or shelving scheme Dewey Decimal Classification
Koha item type Audio Visual Materials
Holdings
Withdrawn status Lost status Source of classification or shelving scheme Damaged status Not for loan Home library Current library Date acquired Total Checkouts Full call number Barcode Date last seen Price effective from Koha item type
    Dewey Decimal Classification     Tribhuvan University Central Library Tribhuvan University Central Library 08/12/2011   CD5665 A5313 08/12/2011 08/12/2011 Audio Visual Materials